00238nam a2200109Ia 4500008004100000041001200041082001100053100001700064245003500081260000600116650000600122221030s9999 xx 000 0 und d aEnglish a105.23 aP. B. Saxena 0aIIT Chemistrycby P. B. Saxena c0 aB